| 000 | 01868nam a2200265Ia 4500 | ||
|---|---|---|---|
| 999 |
_c37470 _d37470 |
||
| 001 | 3431 | ||
| 003 | GE_BSU | ||
| 005 | 20190614143538.0 | ||
| 008 | 181216s2004||||ge |||||||||||||| ||geo|| | ||
| 020 | _a9994025120 | ||
| 040 | _cGE_BSU | ||
| 041 | _ageo | ||
| 080 | _a582.26/27(075.35) შ–18 | ||
| 100 |
_aშაინიძე, ოთარ. კალანდაძე, რუსუდან. გვარიშვილი, ციური. _92488 |
||
| 245 |
_aავტოტროფული პროტისტების–"წყალმცენარეების" კვლევის მეთოდები : _bმეთოდური მითითებები ლაბორატორიული სწავლების და სასწავლო–საველე პრაქტიკისათვის / _cოთარ შაინიძე, რუსუდან კალანდაძე, ციური გვარიშვილი. ; რედ. მ. დავითაძე. ; შოთა რუსთაველის სახ. ბათუმის სახ უნ–ტი. |
||
| 264 |
_aბათუმი : _bგამომცემლობა "ბათუმის უნივერსიტეტი", _c2004. |
||
| 300 |
_a198 გვ.; _bილ., _c20 სმ. |
||
| 653 | _aბოტანიკა | ||
| 653 | _aწყალმცენარეები | ||
| 700 |
_aკალანდაძე, რუსუდან _eავტორი _92489 |
||
| 700 |
_aგვარიშვილი, ციური _eავტორი _92490 |
||
| 700 |
_aდავითაძე, მ. _eრედაქტორი _92491 |
||
| 710 |
_aბათუმის შოთა რუსთაველის სახ. სახელმწიფო უნ–ტი _92492 |
||
| 942 |
_cBK _2udc |
||